[Event "WchT 4th"]
[Site "Luzern"]
[Date "1997.11.01"]
[Round "8.2"]
[White "Vaganian, Rafael A"]
[Black "Nogueiras Santiago, Jesus"]
[Result "1/2-1/2"]
[WhiteElo "2640"]
[BlackElo "2535"]
[Annotator "Horn,Pe"]
[PlyCount "73"]
[EventDate "1997.10.25"]
[EventType "team-tourn"]
[EventRounds "9"]
[EventCountry "SUI"]
[SourceTitle "CBM 062"]
[Source "ChessBase"]
[SourceDate "1998.01.31"]
[SourceVersion "1"]
[SourceVersionDate "1998.01.31"]
[SourceQuality "1"]
[WhiteTeam "Armenia"]
[BlackTeam "Cuba"]
[WhiteTeamCountry "ARM"]
[BlackTeamCountry "CUB"]

1. Nf3 d5 2. g3 Nf6 3. Bg2 e6 4. O-O Be7 5. d3 O-O 6. Nbd2 c5 7. e4 Nc6 8. Re1
b5 9. e5 Nd7 10. Nf1 a5 11. h4 b4 {Vaganian ist der wohl prominenteste
Anhänger des Königsindischen Angriffs. Da ist es schon interessant, zu sehen,
was er gegen die Uhlmann-Variante in petto hat.} 12. Bf4 (12. N1h2 {erfreute
sich zuletzt einiger Beliebtheit.}) 12... Ba6 13. Ne3 (13. N1h2 {wird in ECO
als Hauptvariante geführt.}) (13. Ng5 Qe8 {Uhlmanns Rezept}) 13... a4 14. c4 {
Das wurde bislang als Schwarz eher entgegenkommend eingeschätzt.} (14. a3)
14... bxc3 15. bxc3 d4 16. Nc4 $5 $146 {Das hat Vaganian also ausgekocht. Er
versucht, ohne den Tausch auf d4 auszukommen, der den schwarzen Figuren neue
Freiheiten schafft (insbesondere Nc5).} (16. cxd4 cxd4 17. Nc4 Nc5 {[%csl Rd3]
[%cal Yc6b4]} 18. Ng5 {Das funktioniert nicht, aber Schwarz stand schon sehr
gut.} Nb4 19. Bxa8 Qxa8 20. Qh5 Bxg5 21. Bxg5 Nbxd3 22. Bf6 gxf6 23. exf6 Kh8
24. Nd6 Nf4 25. Nxf7+ Rxf7 26. gxf4 Rxf6 27. Qe5 Nd7 28. Qxd4 Qg8+ 29. Kh2 Qg4
30. Re3 e5 {0-1 Savon,V-Uhlmann,W/Skopje/Ohrid 1968/MCD-r6}) 16... dxc3 {
Die prinzipielle Antwort.} (16... Nb6 {wäre etwas lahm.}) 17. Ng5 (17. Qc2 Nb4
(17... Nd4 18. Qxc3 Rb8 $132) 18. Qxc3 Nd5 $132) 17... Nd4 $1 18. Rc1 (18. Bxa8
$2 {Wie üblich, endet dieser Qualitäts"gewinn" im Katzenjammer.} Bxg5 19. Bxg5
Qxa8 $19) 18... Bxc4 (18... c2 19. Qh5 h6 {diese Fortsetzung führt zu
ähnlichen Bildern wie 20...h6 in der Partie. Den Abtausch auf c4 kann Schwarz
auf die Dauer wohl nicht vermeiden.}) 19. dxc4 c2 (19... Rb8 20. Rxc3 Rb2) 20.
Qh5 Bxg5 $1 (20... h6 {Natürlich macht man eine solche Schwächung des
Königsflügels angesichts der imposanten weißen Angriffsarmee nicht leichten
Herzens; aber dennoch: es ist garnicht so einfach, etwas wirklich
stichhaltiges für Weiß zu finden. Trotz Sympathie für das weiße Anliegen habe
ich nur ein knappes Remis für Weiß gefunden!} 21. Nf3 $1 {Da ich in den
anderen Varianten immer an dem alles dominierenden Nd4 gescheitert bin, schien
mir diese Fortsetzung die (relativ) beste.} (21. Be4 f5 22. Nxe6 (22. exf6 Nxf6
23. Qg6 hxg5 24. Be5 Qe8 $19) (22. Bxc2 hxg5 23. hxg5 Bxg5 24. Bxg5 Qxg5 $19)
22... Nxe6 23. Bd5 Ra6 $17) (21. Ne4 Rb8 {[%cal Yb8b2]} 22. Qg4 (22. Nc3 Rb4)
22... Kh8 23. Qh5 Rb2 (23... Kg8 $11) 24. Ra1 (24. Bxh6 $2 g6 25. Qg4 Nxe5 $19)
24... a3 25. Nd6 Bxd6 26. exd6 Qf6 $19) (21. Nh3 $2 g6 22. Qxh6 Nf5 $19) 21...
Rb8 22. Nxd4 (22. Qg4 Kh8 23. Nxd4 cxd4 24. Rxc2 d3 25. Rcc1 Nc5 $17) 22...
cxd4 23. Be4 $1 (23. Rxc2 d3 24. Rcc1 Nc5 25. Red1 Rb2 26. Rd2 a3 $17) 23...
Nc5 24. Bxh6 gxh6 (24... Nxe4 25. Bxg7 $18) 25. Qxh6 Nxe4 26. Rxe4 f5 27. Qg6+
$11) 21. Bxg5 Qe8 $1 (21... Qa5 $2 22. Be4 g6 23. Qh6 {[%cal Rg5f6]} f5 24.
exf6 Nxf6 25. Bxg6 $18) 22. Qg4 (22. Be4 $140 $2 f5 $19) 22... f5 {Schwarz
beseitigt sofort die Gefahren, die mit den Zügen Bf6 und Bh6 verbunden sind.} (
22... Rb8 $5 {Der Zug verlangt starke Nerven: aber vielleicht war gerade an
dieser Stelle die Chance auf den vollen Punkt gegeben. Aber bei den beiden B
kann man sich nicht zu sicher sein.} 23. Bh6 (23. Bf6 $2 {Dieser Zug scheint
keine Drohung (gewesen) zu sein.} Nxf6 24. exf6 g6 25. Qg5 Qd8 $19) (23. Qe4 f5
) 23... Nf5 24. Bf4 (24. Bd2 Rb2 25. Ra1 a3 26. Bc3 Nb6 27. Be4 Qa4 28. Bd3 Nd5
) 24... Rb2 (24... Nd4 25. Bh6 $11) 25. Be4 Nd4 (25... Rxa2 26. Rxc2 Rxc2 27.
Bxc2 Nb6 28. Bg5) 26. Bh6 g6 27. Bxf8 (27. Kg2 f5 28. exf6 Nxf6 29. Qf4 Rf7 $19
) 27... Qxf8 28. Qf4 (28. f4 Rxa2 29. Kg2 f5 $19) 28... Rxa2 {[%cal Yf8b8]} 29.
Kg2 Qb8 30. Bd3 f6 $19) 23. exf6 Nxf6 24. Bxf6 Rxf6 25. Bxa8 Qxa8 26. Qe4 Qxe4
27. Rxe4 Rf3 28. Rxd4 {Weiß wählt eine (knappe) Remisabwicklung, ehe ihm
schlimmeres widerfährt.} cxd4 29. Rxc2 Rc3 30. Rd2 Rxc4 31. Kg2 {Der aktive K
rettet die Partie.} Kf7 32. Kf3 e5 33. Ke4 Kf6 34. Rb2 a3 35. Rb6+ Kf7 36. Rb7+
Kf6 37. Rb6+ 1/2-1/2

[Event "EU-chT (Men) 11th"]
[Site "Pula"]
[Date "1997.05.??"]
[Round "9.2"]
[White "Nikolaidis, Ioannis"]
[Black "Muir, Andrew Joseph"]
[Result "1-0"]
[WhiteElo "2565"]
[BlackElo "2300"]
[Annotator "Horn,Pe"]
[PlyCount "53"]
[EventDate "1997.05.05"]
[EventType "team-swiss"]
[EventRounds "9"]
[EventCountry "CRO"]
[SourceTitle "CBM 057 Extra"]
[Source "ChessBase"]
[SourceDate "1997.05.01"]
[SourceVersion "1"]
[SourceVersionDate "1997.05.01"]
[SourceQuality "1"]
[WhiteTeam "Greece"]
[BlackTeam "Scotland"]
[WhiteTeamCountry "GRE"]
[BlackTeamCountry "SCO"]

1. Nf3 d5 2. g3 Nf6 3. Bg2 e6 4. O-O Be7 5. d3 O-O 6. Nbd2 c5 7. e4 Nc6 8. Re1
b5 {die Uhlmann-Variante} 9. e5 Nd7 10. Nf1 a5 11. h4 b4 (11... a4 {Ein
Alternativplan, der wenig Anhänger hat, sieht den sofortigen Sturmlauf des Pa5
bis nach a3 (wenn man ihn denn läßt) vor.} 12. N1h2 a3 13. b3 f6 (13... b4 $5)
14. exf6 Bxf6 15. Bg5 $1 Qc7 16. Bxf6 Nxf6 17. Ng5 Qd6 18. c4 $1 bxc4 19. dxc4
Bd7 $2 (19... Nd4 $1 $13) 20. Nxe6 $16 {Csom-Zinn/Siegen ol/1969}) 12. N1h2 {
In den letzten Jahren hat sich das als Hauptfortsetzung herauskristallisiert.}
(12. Bf4 {Die (alte) Schablone sieht den B auf f4 vor, sofort oder wenige Züge
später. Seit einigen Jahren leuchtet das aber immer weniger Spielern ein, da
man bei einem Plan mit Bg5 ggf. ein Tempo sparen kann.}) 12... Ba6 {Ein ganz
normaler Zug in dieser Eröffnung; durch Verzögerung des Zuges behält Schwarz
länger die Option auf Pf6} (12... a4 13. a3 (13. Ng4 a3 14. bxa3 bxa3 15. h5
Ba6 $6 16. h6 g6 17. Bxa3 $16 {Baczynskyj-Kinlay/London/1978}) (13. Bh3 a3 14.
b3 c4 15. d4 cxb3 16. cxb3 Na7 17. Ng5 Qb6 18. Be3 Bxg5 19. hxg5 Nb5 20. Qh5
$40 {Flesch-Kluger/Hungary/1966}) 13... bxa3 (13... Qb6 14. Bf4 f6 15. exf6
Bxf6 16. Rb1 Nd8 17. Ng4 $16 {Rajkovic-Jakimidis/Albena/1977}) (13... Re8 14.
Ng4 bxa3 15. bxa3 Nd4 16. Nxd4 cxd4 17. Nh2 Ra6 18. Bb2 Bc5 19. Nf3 Qb6 20. Ra2
f6 21. exf6 Nxf6 22. Qa1 $16 {Minic-Ostojic/Krk/1977}) 14. bxa3 Ba6 (14... f6
15. exf6 Bxf6 16. Bg5 h6 17. Bxf6 Nxf6 18. Ne5 Nxe5 19. Rxe5 Qd6 20. f4 Rb8 21.
Qe2 Rb2 22. Kh1 Bd7 23. g4 c4 $15 {Weindl-Klovans/Genf op/1992}) (14... Rb8 15.
Bf4 Nb6 16. Ng4 Ba6 17. Ng5 Nd4 18. Nf6+ Bxf6 (18... gxf6 19. Nxh7 Kxh7 20.
Qh5+ Kg8 21. Qg4+ $11) 19. exf6 Qxf6 20. Be5 $16 {Hochstrasser-Belotti/
Winterthur/1996}) 15. Bf1 Rc8 16. h5 Re8 17. h6 g6 18. Ng4 Nd4 19. Nxd4 cxd4
20. Re2 Qb6 21. Nh2 Rc3 $17 {Urban-Klovans/Berliner Sommer/1995}) 13. h5 {
Das ist aber eher eine Nebenfortsetzung. Der übliche Plan besteht (in
irgendeiner Reihenfolge) in Ng4 und Bg5.} (13. Ng4 a4 (13... Nd4 {Sieht sehr
logisch aus, da Bg5 verhindert wird. Die Tatsache, daß Yusupov a4 vorzog,
macht aber etwas mißtrauisch.} 14. Nxd4 (14. c3 Nxf3+ 15. Bxf3 Rb8 16. Bf4 a4
17. Qd2 a3 18. b3 bxc3 19. Qxc3 {Lau-Uhlmann/BRD-DDR/1988} c4 $5 $15 {[%cal
Re7b4] Uhlmanns Empfehlung}) (14. Bf4 a4 15. Qd2 a3 16. b3 Rc8 17. Bg5 Nxf3+
18. Bxf3 Re8 19. Rad1 Rc7 20. Qf4 Bb7 $132 {[%cal Yd5d4] Weindl-Leutwyler/Lenk/
1992}) 14... cxd4 15. b3 (15. Nh2 Qc7 16. Qg4 Nxe5 17. Qxd4 Ng6) 15... Qc7 16.
Bb2 h5 17. Nh2 Nxe5 18. Bxd4 (18. Qxh5 Qxc2 $2 (18... Ng6 19. Rac1 Qc5 20. Nf3
Bf6 21. Ng5 $36) (18... Nc6 19. Nf3) 19. Bxd4 $2 (19. Re2 Qxd3 20. Rxe5 $16)
19... Nxd3 20. Qg4 e5 21. Rxe5 Nxe5 22. Bxe5 Qh7 $15 {Uhlmann 1988}) 18... Nc6
19. Bb2 g6 $11 {Uhlmann 1988}) 14. Bg5 Nd4 15. Nxd4 cxd4 16. Qd2 Rc8 17. Re2
Rc6 18. Qf4 (18. b3 Bxg5 19. hxg5 Qa5 $17) 18... b3 $1 19. cxb3 axb3 20. axb3
h5 $1 21. Nh2 Bxg5 22. hxg5 Nc5 $36 {Vaganian-Yusupov/GER-CupT f/1992}) (13.
Bg5 a4 14. a3 (14. Qd2 c4 15. d4 Rc8 16. Qf4 a3 17. bxa3 bxa3 18. c3 Bb5 19.
Qg4 Kh8 20. Qh5 Qe8 21. Rab1 Ba4 22. Rb7 Bc2 $132 {Weindl-Adler/SUI-chT/1995})
14... Bb5 15. Ng4 c4 16. d4 c3 17. bxc3 bxa3 18. Qc1 Na5 19. h5 Rc8 $6 (19...
Bxg5 20. Nxg5 h6 $132) 20. h6 g6 21. Bxe7 Qxe7 22. Qxa3 Qxa3 23. Rxa3 Nc4 24.
Raa1 Ncb6 25. Rab1 $16 {Antunes-Sieiro Gonzalez/Capablanca-mem/1989}) 13... a4
14. a3 {Diese Methode, den Vormarsch Pa4-a3 zu stoppen, stammt von Fischer.}
bxa3 (14... Bb5 15. Bf4 Rc8 16. h6 g6 17. Qc1 Nd4 18. axb4 Nxf3+ 19. Nxf3 cxb4
20. Qd2 a3 21. bxa3 bxa3 22. Bg5 Bxg5 23. Nxg5 Qe7 $132 {Haik-Gruenfeld/Biel/
1986}) 15. bxa3 Rb8 (15... Rc8 $5 {[%cal Yc6d4]}) 16. Bf4 Rb2 (16... c4) 17.
Qc1 Qb6 18. Ng4 Nd4 $2 (18... h6 $6 19. c4 $1 {Die sofortigen Einschläge auf
h6 klappen noch nicht ganz, aber die Varianten geben ein Gefühl dafür, was
noch fehlt.} (19. Nxh6+ $5 gxh6 20. Bxh6 Rb8 21. Qf4 Bf8 22. Qg5+ Kh7 23. Bxf8
Rxf8 24. h6 Rg8 25. Qh5 Nd8 26. Ng5+ Kh8 27. Nxf7+ Nxf7 28. Qxf7 $44) (19. Bxh6
$5 gxh6 20. Qxh6 Qd8 21. c4 $1 Nd4 (21... dxc4 $2 22. Re4 $18) (21... Rb6 22.
cxd5 exd5 23. e6 Na5 24. Nfe5 Nxe5 25. Rxe5 Bb7 26. Rae1 $44) 22. Nxd4 cxd4 (
22... Bg5 $2 23. Nxe6 $1 $18) 23. cxd5 Bg5 (23... Bxd3 $2 24. dxe6 fxe6 25. Re4
Bxe4 26. Bxe4 Rf7 27. Qxe6 $18) 24. Nf6+ Qxf6 $8 25. Qxf8+ Nxf8 26. exf6 Bxf6
$132) 19... dxc4 20. dxc4 Nd4 21. Nxd4 cxd4 22. Bxh6 gxh6 (22... Rc8 23. Bxg7
Kxg7 24. Qh6+ Kg8 25. Be4 $18) 23. Qxh6 d3 24. Be4 $40) (18... Rb8 $142 19. Bg5
$140 Qd8) 19. Nxd4 cxd4 20. Bg5 $1 Bxg5 (20... f6 21. exf6 Nxf6 (21... gxf6 $2
22. Bxd5 $18) 22. Bh3 (22. Nxf6+ Bxf6 23. h6 (23. Rxe6 $2 Qxe6 24. Bxf6 Qxf6
25. Qxb2 Qxf2+ 26. Kh1 Bxd3 $19) (23. Bh3 Bc8 24. h6 e5) 23... g6 24. Rxe6 Qxe6
25. Bxf6 Qxf6 26. Qxb2 Qxf2+ 27. Kh1 Qe3 (27... Bxd3 $2 28. Qb7 $18) 28. Bxd5+
Kh8 29. Qb4 Re8 30. Qxa4 Qxh6+ 31. Kg1 Qe3+) 22... Bc8 23. h6 g6 24. Ne5 $16) (
20... Re8 21. Bxe7 Rxe7 22. Qg5 $18) 21. Qxg5 f6 (21... Kh8 22. h6 $40) (21...
Rxc2 $2 22. h6 g6 23. Nf6+ $18) (21... Qd8 $2 22. Nh6+ Kh8 23. Nxf7+ $18) 22.
exf6 Nxf6 23. h6 $18 Qc7 24. Rxe6 Nxg4 25. Re7 Qxe7 26. Bxd5+ Kh8 27. Qxe7 1-0

[Event "EU-Cup 10th Group6"]
[Site "Lubniewice"]
[Date "1994.??.??"]
[Round "1"]
[White "Petran, Peter"]
[Black "Krivonosov, Oleg"]
[Result "1/2-1/2"]
[WhiteElo "2445"]
[BlackElo "2405"]
[Annotator "Horn,Pe"]
[PlyCount "53"]
[EventDate "1994.??.??"]
[EventType "team-k.o."]
[EventRounds "3"]
[EventCountry "POL"]
[SourceTitle "EXT 2020"]
[Source "ChessBase"]
[SourceDate "2019.10.17"]
[SourceVersion "1"]
[SourceVersionDate "2019.10.17"]
[SourceQuality "1"]
[WhiteTeam "Bratislava Slovan"]
[BlackTeam "Paide MK"]
[WhiteTeamCountry "SVK"]
[BlackTeamCountry "EST"]

1. g3 d5 2. Nf3 Nf6 3. Bg2 e6 4. O-O Be7 5. d3 c5 6. Nbd2 Nc6 7. e4 O-O 8. Re1
b5 9. c3 (9. e5 {is the usual move.}) 9... a5 10. a3 {N} (10. a4 bxa4 (10... b4
11. c4 dxe4 12. dxe4 e5 13. h3 Ra7 14. b3 Ne8 15. Bb2 f6 16. Nf1 Rd7 17. Qc2
Nd4 {-/+ Drumev-Matulovic/Stip/1975}) 11. Rxa4 (11. Qxa4 Bd7 12. Qc2 Qb6 13.
Nf1 a4 14. Bf4 Na5 $132 {Nikolac-Budde/BL/1984}) 11... Ba6 12. e5 Nd7 13. Qe2
c4 14. dxc4 Nb6 15. Ra1 Nxc4 16. Nxc4 Bxc4 {=+ Oechslein-Ploetz/2.BL/1988}) (
10. e5 Nd7 11. h4 Ba6 12. Nf1 b4 13. N1h2 a4 14. a3 bxc3 15. bxc3 Rb8 16. Bf1
Rb3 $132 {Slobodjan-Uhlmann/Dresden op/1994}) 10... Ba6 11. Bf1 a4 12. e5 Nd7
13. d4 cxd4 14. cxd4 Nb6 15. Bd3 (15. b4 axb3 16. Nxb3 Nc4 {-/+}) 15... b4 16.
Bxa6 (16. Bb1 $6 bxa3 17. bxa3 Na5 {-/+}) 16... Rxa6 17. axb4 Nxb4 (17... Bxb4
$5) 18. Re3 Qd7 19. Rc3 Rc8 20. Nb1 $1 {=+} Raa8 21. b3 (21. Rxc8+ Qxc8 22. Nc3
Qc6) 21... axb3 22. Rxa8 Rxa8 23. Qxb3 Nc4 24. Na3 Na5 25. Qb1 Rc8 26. Rxc8+
Qxc8 27. Bd2 1/2-1/2

[Event "Hoogovens-B"]
[Site "Wijk aan Zee"]
[Date "1991.01.??"]
[Round "10"]
[White "Frias Pablaza, Victor J"]
[Black "Cifuentes Parada, Roberto"]
[Result "0-1"]
[WhiteElo "2520"]
[BlackElo "2510"]
[Annotator "Horn,Pe"]
[PlyCount "62"]
[EventDate "1991.01.??"]
[EventType "tourn"]
[EventRounds "11"]
[EventCountry "NED"]
[EventCategory "9"]
[SourceTitle "CBM 022"]
[Source "ChessBase"]
[SourceDate "1991.06.01"]
[SourceVersion "1"]
[SourceVersionDate "1991.06.01"]
[SourceQuality "1"]

1. Nf3 c5 2. g3 Nc6 3. Bg2 d5 4. O-O Nf6 5. d3 e6 6. Nbd2 Be7 7. e4 Qc7 8. Re1
b6 9. c3 Ba6 10. exd5 (10. e5 Nd7 11. Qe2 g5 $13 {Doghri-Bammoune, Dubai ol
1986}) 10... Nxd5 $1 11. Nc4 O-O 12. a4 Rad8 13. Qb3 Bf6 14. Bd2 (14. Bg5 $10)
14... Rd7 15. Rad1 Rfd8 16. Bc1 h6 17. h4 Bb7 18. Nfd2 $2 Ndb4 $3 19. cxb4 Rxd3
20. Qc2 (20. Qa2 Nxb4 21. Qb1) 20... Nxb4 21. Qb1 Bxg2 22. Kxg2 Qc6+ 23. Re4 (
23. Kg1 Qxa4 $19) 23... Qxa4 24. Rde1 b5 25. Ne5 Rxd2 26. Bxd2 Rxd2 27. Rc1
Bxe5 28. Rxc5 (28. Rxe5 Nd3 $19) 28... Bd6 29. Rc8+ Bf8 30. Qe1 Nd3 $1 31. Qe3
(31. Qxd2 Qxe4+) (31. Rxa4 Nxe1+ 32. Kf1 bxa4) 31... Qd1 {(1.59/1.45)} 0-1

[Event "Capablanca Memorial-A"]
[Site "Cienfuegos"]
[Date "1991.??.??"]
[Round "11"]
[White "Antunes, Antonio"]
[Black "Borges Matos, Juan R"]
[Result "0-1"]
[WhiteElo "2460"]
[BlackElo "2385"]
[Annotator "Horn,Pe"]
[PlyCount "110"]
[EventDate "1991.??.??"]
[EventType "tourn"]
[EventRounds "13"]
[EventCountry "CUB"]
[EventCategory "10"]
[SourceTitle "CBM 026"]
[Source "ChessBase"]
[SourceDate "1992.02.01"]
[SourceVersion "1"]
[SourceVersionDate "1992.02.01"]
[SourceQuality "1"]

1. e4 e6 2. d3 d5 3. Nd2 c5 4. Ngf3 Nc6 5. g3 Nf6 6. Bg2 Be7 7. O-O O-O 8. Re1
b6 $2 9. e5 Nd7 10. Nf1 b5 11. h4 $16 b4 12. N1h2 a5 13. Ng4 (13. Bf4 $1 $16)
13... Nd4 14. Nxd4 cxd4 15. Bf4 (15. b3 $5 Qc7 16. Bb2 Bc5 (16... h5 17. Nh2
Nxe5 18. Qxh5 (18. Bxd4 Nc6 19. Bb2 (19. Bxg7 $6 Kxg7 20. Qxh5 Rh8) 19... g6)
18... Qxc2 19. Bxd4 Nxd3 20. Re2 (20. Bxd5 Nxe1 21. Bxa8 Nd3 22. Be4) 20... Qc7
21. Ng4 {/\ Nh6->}) 17. Qe2) 15... Nc5 16. Qd2 (16. b3 $5) 16... Ra6 17. Nh2 {
/\ Nf3xd4} (17. b3) (17. c3 $2 dxc3 18. bxc3 Na4) (17. Bg5 $5) 17... Na4 18.
Rab1 (18. b3 Nc3 19. Nf3 Nb5) 18... Rc6 19. Nf3 Qb6 20. h5 Ba6 21. h6 Rfc8 22.
Rbc1 (22. Rec1) 22... g6 23. Bg5 Bf8 (23... Bxg5 $2 24. Qxg5 {/\ Qf6+-}) 24.
Qf4 Nxb2 25. Qxd4 (25. Nxd4 Nxd3 26. cxd3 Rxc1 27. Rxc1 Rxc1+ 28. Qxc1 Qxd4 29.
Qc7 Qc5 $19) 25... Na4 (25... Qxd4 26. Nxd4 R6c7 $17) 26. Qf4 Rxc2 27. Rxc2
Rxc2 28. Nd4 Rxa2 29. Bxd5 $1 Rb2 (29... exd5 30. e6 fxe6 31. Nxe6 Bd6 32. Qf6
Qb7 33. Qd8+ Kf7 34. Nc7) 30. Re3 {/\ Rf3} (30. Qf6 Qxd4 (30... exd5 31. e6)
31. Bxe6 Qxf2+ 32. Qxf2 Rxf2 33. Kxf2 fxe6 $19) (30. Nxe6 fxe6 31. Qf6 Bc8 $19
(31... exd5 $2 32. e6 Qa7 33. e7 Bxe7 34. Rxe7 Qxf2+ 35. Qxf2 Rxf2 36. Kxf2))
30... Rxf2 31. Kxf2 $2 (31. Qxf2 Qxd4 (31... Bc5 32. Qf6) 32. Bc6 Nc3 33. Be8
Qa7 34. Rf3 Qxf2+ 35. Kxf2) 31... Nb2 32. Ke2 Nxd3 33. Rxd3 exd5 34. e6 fxe6
35. Qf6 b3 36. Nxe6 Bxd3+ 37. Kxd3 Qb5+ 38. Ke3 d4+ 39. Nxd4 (39. Kf2 Qf5+ 40.
Qxf5 gxf5 41. Bc1 Bxh6) 39... Qc4 40. Ne6 Qc1+ 41. Kd3 Qc2+ 42. Ke3 Qc1+ 43.
Ke4 $6 (43. Kd3 $10) 43... Qc4+ 44. Ke5 Qb5+ 45. Kd4 Qb4+ 46. Ke3 $2 (46. Kd3
$10) 46... Qe1+ 47. Kd3 Qxg3+ 48. Be3 Bxh6 49. Nf4 Bxf4 50. Qe6+ $2 (50. Qxf4
Qxf4 51. Bxf4 Kf7) 50... Kg7 51. Qe7+ Kh6 52. Qf8+ Kh5 53. Qxf4 Qxf4 54. Bxf4
Kg4 55. Bd6 a4 0-1

[Event "Bled op 13th"]
[Site "Bled"]
[Date "1992.??.??"]
[Round "3"]
[White "Nevednichy, Vladislav"]
[Black "Rashkovsky, Nukhim N"]
[Result "1/2-1/2"]
[WhiteElo "2470"]
[BlackElo "2520"]
[Annotator "Horn,Pe"]
[PlyCount "64"]
[EventDate "1992.03.??"]
[EventType "swiss"]
[EventRounds "9"]
[EventCountry "SLO"]
[SourceTitle "CBM 029"]
[Source "ChessBase"]
[SourceDate "1992.08.01"]
[SourceVersion "1"]
[SourceVersionDate "1992.08.01"]
[SourceQuality "1"]

1. e4 c5 2. Nf3 e6 3. d3 d5 4. Nbd2 Nc6 5. g3 Nf6 6. Bg2 Be7 7. O-O O-O 8. c3
$6 (8. Re1 b5 9. e5 Nd7 10. Nf1 a5 11. h4 $13) 8... b5 9. e5 Nd7 10. Re1 a5 11.
Nf1 Ba6 12. h4 b4 13. N1h2 a4 {/\ a3} 14. a3 (14. Qxa4 Bxd3 (14... Qc7 15. d4
Bd3 (15... Be2 16. Qc2 Bxf3 17. Nxf3 bxc3 18. bxc3 cxd4 19. cxd4 Rfc8 $13) (
15... bxc3 16. bxc3 cxd4 17. cxd4 Nb4 18. Bg5 Bxg5 19. hxg5 (19. Qxb4 Rfb8 20.
Qa3 Be2) 19... Nc2 20. Rec1 Bd3 21. Qb3 Qc4 $44) 16. Qd1 c4 $13) 15. Qxc6 Ra6
16. Qb7 Rb6 17. Qa7 Ra6 18. Qb7 $10) 14... bxc3 15. bxc3 Rb8 16. Bf1 (16. Qxa4
Bxd3 $1 17. Qxc6 $2 Bb5 $19) 16... Rb3 17. Bd2 Qc7 18. d4 Bxf1 19. Kxf1 Qa7 20.
Kg2 Rfb8 (20... cxd4 21. cxd4 Nxd4 $2 22. Be3 $16) (20... Nb6 $5 {/\ Nc4-/+})
21. c4 Nxd4 (21... dxc4 22. d5 exd5 23. Ng5 $13) 22. cxd5 Nxf3 23. Nxf3 exd5
24. Bf4 Rd8 (24... Nb6 25. e6 $13) 25. Qxd5 Nf8 26. Qe4 Ne6 27. Be3 Qa6 28.
Rec1 Rdd3 29. Rc4 {/\ Rxa4} Nd4 (29... Rxa3 30. Rxa4 Qxa4 31. Qxa4 Rxa4 32.
Rxa4 $10) 30. Rac1 Nxf3 31. Qxf3 Rxa3 32. Qe4 Rd8 1/2-1/2

[Event "Budapest Honved"]
[Site "Budapest"]
[Date "1991.??.??"]
[Round "?"]
[White "Loginov, Valery A"]
[Black "Stern, Rene"]
[Result "1-0"]
[WhiteElo "2540"]
[BlackElo "2360"]
[Annotator "Horn,Pe"]
[PlyCount "95"]
[EventDate "1991.??.??"]
[EventType "tourn"]
[EventRounds "11"]
[EventCountry "HUN"]
[EventCategory "9"]
[SourceTitle "CBM 027"]
[Source "ChessBase"]
[SourceDate "1992.04.01"]
[SourceVersion "1"]
[SourceVersionDate "1992.04.01"]
[SourceQuality "1"]

1. Nf3 d5 2. g3 e6 3. Bg2 Nf6 4. O-O Be7 5. d3 O-O 6. Nbd2 c5 7. e4 Nc6 8. Re1
Qc7 $6 (8... b5) 9. e5 Nd7 10. Qe2 b5 11. h4 a5 12. Nf1 b4 13. N1h2 Ba6 14. h5
(14. Bf4 $14) 14... a4 15. h6 g6 16. Ng4 Nd4 17. Nxd4 cxd4 18. Bf4 Qb6 (18...
b3 19. cxb3 axb3 20. Bxd5 exd5 21. e6) 19. Qd2 Rfc8 20. Bg5 Bf8 21. b3 Rc3 22.
Rec1 Rac8 23. f4 Qc6 24. f5 $1 Rxc2 (24... gxf5 $2 25. Bf6 $18) (24... exf5 $5
25. Nf6+ Nxf6 26. exf6 (26. Bxf6 Rxc2 27. Rxc2 Qxc2 28. Qxc2 (28. Qf4 Qxd3 29.
Bxd5 Qe3+ 30. Qxe3 dxe3 31. e6 Bxh6 32. exf7+ Kf8) 28... Rxc2 29. Bxd5 Bxh6 30.
e6 fxe6 31. Bxe6+ Kf8 32. Bxd4 Bxd3 $17) 26... Rxc2 27. Rxc2 Qxc2 28. Qxc2 (28.
Bxd5 Qxd2 29. Bxd2 Bxd3 30. bxa4 $146) 28... Rxc2 29. Bxd5 Bxd3 30. bxa4 $146)
25. Rxc2 Qxc2 26. fxe6 fxe6 (26... Qxd2 27. exf7+ Kxf7 28. Bxd5+ Ke8 29. Bxd2
$16) 27. Bxd5 $3 exd5 (27... Qxd2 28. Bxe6+ $18) 28. Qxc2 Rxc2 29. e6 Bb5 $2 (
29... Nb8 30. Nf6+ Kh8 31. e7 Bxe7 32. Re1 Nc6 (32... Bxf6 33. Re8#) (32... Rc7
33. Nxd5 $18) 33. Nxd5 $18) (29... Nb6 30. Nf6+ Kh8 31. Nd7) (29... Nc5 30.
Nf6+ Kh8 31. e7 Bxe7 32. Re1 $18) 30. bxa4 Bxa4 31. exd7 Bxd7 32. Nf6+ Kf7 33.
Nxd7 Bd6 34. Rf1+ Ke6 35. Nb6 Be5 36. Rf2 Rc3 37. Re2 Kf5 38. Nxd5 Rc5 39. Nf4
Rb5 40. Be7 b3 41. axb3 Rxb3 42. Re4 Bh8 43. g4+ Kxg4 44. Nxg6+ Kf3 45. Nh4+
Kg3 46. Bd6+ Kh3 47. Nf3 Bf6 48. Kh1 1-0